[Event "29. Torneo San Viator 2017"]
[Site "Madrid ESP"]
[Date "2017.10.08"]
[Round "4.9"]
[White "Monreal Bejarano, Luis Miguel"]
[Black "Lopez Ziegler, Carlos"]
[Result "1/2-1/2"]
[WhiteElo "1883"]
[BlackElo "1852"]
[PlyCount "167"]
[EventDate "2017.09.17"]
[EventType "swiss"]
[EventRounds "9"]
[EventCountry "ESP"]
[SourceTitle "Ajedrez en Madrid"]
[Source "lmi"]
[SourceDate "2017.09.17"]

1. d4 d5 2. Nf3 Nf6 3. g3 e6 4. Bg2 Be7 5. O-O O-O 6. c3 c5 7. Re1 Nc6 8. Nbd2
cxd4 9. cxd4 Qb6 10. Nb3 a5 11. e3 Bd7 12. a3 Rfd8 13. Nbd2 Be8 14. b3 Rac8 15.
Bb2 Na7 16. Rc1 Nb5 17. a4 Na7 18. Rxc8 Rxc8 19. Qa1 Rc2 20. Qb1 Rc7 21. Rc1
Nc6 22. Ne5 Nxe5 23. dxe5 Nd7 24. Rxc7 Qxc7 25. Nf3 Qb6 26. Qc2 Qc5 27. Qd3 Qb6
28. Qc3 Qb4 29. Qxb4 Bxb4 30. Bd4 Nc5 31. Bxc5 Bxc5 32. Bf1 Kf8 33. Nd4 Bxd4
34. exd4 Ke7 35. f4 g6 36. Kf2 f5 37. Ke3 b6 38. h3 h5 39. Kf3 Bd7 40. g4 hxg4+
41. hxg4 Kf7 42. gxf5 gxf5 43. Kg3 Kg7 44. Kh4 Kh6 45. Be2 Be8 46. Ba6 Bd7 47.
Bb7 Kg6 48. Kg3 Kh6 49. Ba6 Kg6 50. Be2 Kh6 51. Kf2 Kg6 52. Ke3 Kh6 53. Bd1 Kg6
54. Kd3 Kf7 55. Kc3 Kf8 56. Bh5 Ke7 57. Kc2 Kf8 58. Kd3 Kg7 59. Bd1 Kf8 60. Kd2
Kg7 61. Be2 Kf7 62. Kc3 Ke7 63. Kb2 Kd8 64. Ka3 Kc7 65. Bd3 Kd8 66. b4 Ke7 67.
bxa5 bxa5 68. Bb5 Be8 69. Kb3 Bh5 70. Kc3 Bd1 71. Kd2 Bh5 72. Ke3 Bd1 73. Kf2
Bh5 74. Kg3 Bd1 75. Kh4 Bb3 76. Kg5 Bc4 77. Bc6 Bb3 78. Kh4 Kd8 79. Bb5 Bc4 80.
Bc6 Kc7 81. Be8 Kd8 82. Bc6 Kc7 83. Be8 Kd8 84. Bc6 1/2-1/2

[Event "29. Torneo San Viator 2017"]
[Site "Madrid ESP"]
[Date "2017.10.08"]
[Round "4.11"]
[White "Garcia Sanjuan, Jose"]
[Black "Barahona Torrijos, Angel"]
[Result "1-0"]
[WhiteElo "1899"]
[BlackElo "1855"]
[PlyCount "95"]
[EventDate "2017.09.17"]
[EventType "swiss"]
[EventRounds "9"]
[EventCountry "ESP"]
[SourceTitle "Ajedrez en Madrid"]
[Source "lmi"]
[SourceDate "2017.09.17"]

1. Nf3 d5 2. b3 Nc6 3. Bb2 Nf6 4. h3 Bf5 5. d3 h6 6. Nbd2 e6 7. g4 Bh7 8. Bg2
Bd6 9. Nd4 Nxd4 10. Bxd4 e5 11. Bb2 O-O 12. e3 Re8 13. h4 Bg6 14. h5 Bh7 15.
Qe2 e4 16. d4 Qe7 17. a4 a5 18. Bh3 Nd7 19. Qb5 Nb6 20. Qe2 Bb4 21. c3 Bd6 22.
c4 Bb4 23. c5 Nc8 24. Rc1 Ra6 25. Bc3 Bxc3 26. Rxc3 Rf6 27. Rg1 Na7 28. g5 hxg5
29. Rxg5 Nc6 30. Rxd5 Nb4 31. Rd7 Qf8 32. Qg4 Bf5 33. Qg3 Bxd7 34. Bxd7 Re7 35.
Bb5 Qd8 36. Bc4 Nd3+ 37. Bxd3 exd3 38. Rxd3 Qd5 39. Qh4 Re8 40. e4 Rh6 41. Qf4
Qxh5 42. Rg3 c6 43. e5 Ree6 44. Ne4 Reg6 45. Ng5 Qh1+ 46. Kd2 Qd5 47. e6 Rf6
48. Qb8+ 1-0

[Event "29. Torneo San Viator 2017"]
[Site "Madrid ESP"]
[Date "2017.10.08"]
[Round "4.12"]
[White "Gonzalez-Ruano Perez, Cesar"]
[Black "Mihalcea, George Andrei"]
[Result "1-0"]
[WhiteElo "1848"]
[BlackElo "1777"]
[PlyCount "149"]
[EventDate "2017.09.17"]
[EventType "swiss"]
[EventRounds "9"]
[EventCountry "ESP"]
[SourceTitle "Ajedrez en Madrid"]
[Source "lmi"]
[SourceDate "2017.09.17"]

1. Nf3 d5 2. g3 Nf6 3. b3 e6 4. Bb2 Be7 5. Bg2 O-O 6. O-O Nbd7 7. d3 b6 8. c4
Bb7 9. Nbd2 c5 10. Re1 d4 11. b4 Qc7 12. Qc2 e5 13. b5 Rfe8 14. e3 Nf8 15. exd4
exd4 16. Re2 Bd6 17. Rae1 Rxe2 18. Rxe2 Re8 19. Rxe8 Nxe8 20. Ne4 Be7 21. Qe2
Nf6 22. Nfd2 Nxe4 23. Nxe4 f5 24. Nd2 Bxg2 25. Kxg2 f4 26. Ne4 fxg3 27. hxg3
Qd7 28. Bc1 Ng6 29. Bg5 Bxg5 30. Nxg5 h6 31. Ne4 Qe6 32. f4 Ne7 33. Qh5 Nf5 34.
Kf3 g6 35. Qh3 Kg7 36. g4 Ne3 37. Qh4 Kf7 38. Qh3 Kg7 39. Qg3 Nxc4 40. dxc4
Qxc4 41. Qe1 Qxa2 42. Nd6 Qd5+ 43. Ne4 Qb3+ 44. Kf2 Qe6 45. f5 gxf5 46. gxf5
Qxf5+ 47. Kg2 c4 48. Ng3 Qg5 49. Qe4 d3 50. Qd4+ Kf8 51. Qd6+ Kf7 52. Qd7+ Kf6
53. Qd6+ Kf7 54. Qd7+ Qe7 55. Qf5+ Ke8 56. Qc8+ Qd8 57. Qe6+ Qe7 58. Qc8+ Kf7
59. Qxc4+ Qe6 60. Qxd3 Qa2+ 61. Kf3 Ke6 62. Qg6+ Kd7 63. Qc6+ Kd8 64. Ne4 Qf7+
65. Ke3 Qb3+ 66. Kf4 Qf7+ 67. Nf6 Qc7+ 68. Ke4 Qxc6+ 69. bxc6 a5 70. Kd5 a4 71.
Kd6 a3 72. c7+ Kc8 73. Kc6 a2 74. Nd5 a1=Q 75. Nxb6# 1-0

[Event "29. Torneo San Viator 2017"]
[Site "Madrid ESP"]
[Date "2017.10.08"]
[Round "4.13"]
[White "Fernandez Estremera, Fernando"]
[Black "Cid Garcia, Ramon"]
[Result "1/2-1/2"]
[WhiteElo "1721"]
[BlackElo "1844"]
[PlyCount "33"]
[EventDate "2017.09.17"]
[EventType "swiss"]
[EventRounds "9"]
[EventCountry "ESP"]
[SourceTitle "Ajedrez en Madrid"]
[Source "lmi"]
[SourceDate "2017.09.17"]

1. d4 Nf6 2. c4 e6 3. Nc3 Bb4 4. Qc2 c5 5. dxc5 Na6 6. a3 Qa5 7. Bd2 Nxc5 8.
Rd1 Bxc3 9. Bxc3 Qa4 10. Qxa4 Nxa4 11. Bd4 b6 12. b4 Ba6 13. e3 Rc8 14. Rc1 d6
15. Bd3 O-O 16. Ne2 Rc7 17. e4 1/2-1/2

[Event "29. Torneo San Viator 2017"]
[Site "Madrid ESP"]
[Date "2017.10.08"]
[Round "4.14"]
[White "Sanchez Gomez, Emiliano"]
[Black "Gil Sierra, Jacinto"]
[Result "1/2-1/2"]
[WhiteElo "1742"]
[BlackElo "1920"]
[PlyCount "93"]
[EventDate "2017.09.17"]
[EventType "swiss"]
[EventRounds "9"]
[EventCountry "ESP"]
[SourceTitle "Ajedrez en Madrid"]
[Source "lmi"]
[SourceDate "2017.09.17"]

1. e4 c5 2. c3 Nf6 3. e5 Nd5 4. d4 Nc6 5. Nf3 d6 6. dxc5 dxc5 7. c4 Nb6 8.
Qxd8+ Nxd8 9. Be3 e6 10. Nc3 Be7 11. Ne4 Nd7 12. O-O-O b6 13. Be2 Bb7 14. Nd6+
Bxd6 15. Rxd6 Nc6 16. Bf4 h6 17. Rhd1 O-O-O 18. h3 Ndb8 19. a3 Rxd6 20. Rxd6
Nd7 21. Kc2 g5 22. Bg3 Rg8 23. Kc3 h5 24. Ne1 h4 25. Bh2 Ncxe5 26. f3 Nc6 27.
Nc2 Nf6 28. b4 cxb4+ 29. axb4 Rd8 30. b5 Ne7 31. Bd3 Rxd6 32. Bxd6 Kd7 33. Be5
Ne8 34. Nb4 Kc8 35. Bf1 f6 36. Bd4 e5 37. Bf2 Nc7 38. c5 Ned5+ 39. Kc4 Nxb4 40.
Kxb4 Nd5+ 41. Kc4 bxc5 42. Bxc5 a6 43. bxa6 Ne3+ 44. Bxe3 Bxa6+ 45. Kd5 Bxf1
46. Ke6 Bxg2 47. Kxf6 1/2-1/2

[Event "29. Torneo San Viator 2017"]
[Site "Madrid ESP"]
[Date "2017.10.08"]
[Round "4.15"]
[White "Lopez Moreno, Jesus"]
[Black "Cano Mercado, Francisco Manuel"]
[Result "1-0"]
[WhiteElo "2043"]
[BlackElo "1823"]
[PlyCount "147"]
[EventDate "2017.09.17"]
[EventType "swiss"]
[EventRounds "9"]
[EventCountry "ESP"]
[SourceTitle "Ajedrez en Madrid"]
[Source "lmi"]
[SourceDate "2017.09.17"]

1. d4 Nf6 2. c4 e5 3. dxe5 Ng4 4. Bf4 Nc6 5. Nf3 Bb4+ 6. Nbd2 Qe7 7. a3 Ngxe5
8. Nxe5 Nxe5 9. Qb3 Bxd2+ 10. Bxd2 O-O 11. e3 d6 12. Be2 Bd7 13. O-O Bc6 14. f3
a5 15. e4 Nd7 16. Rae1 a4 17. Qc2 Nc5 18. Bc3 Qh4 19. g3 Qh3 20. Rf2 Rae8 21.
Bf1 Qh5 22. Qd2 Re6 23. g4 Qh4 24. Qf4 Rfe8 25. Re3 Nd7 26. Rg2 Ne5 27. Be1 Qf6
28. Qg3 Ng6 29. Rd2 Qf4 30. Qxf4 Nxf4 31. Rc3 b6 32. Bg3 Ng6 33. g5 h6 34. h4
hxg5 35. hxg5 Nf8 36. Rg2 Rg6 37. Be1 Ne6 38. Bd2 Nc5 39. Re3 f6 40. gxf6 Rxg2+
41. Kxg2 gxf6 42. Kg3 Kf7 43. Bh3 Rg8+ 44. Kf2 Rh8 45. Bf1 Bd7 46. Bc3 Bc6 47.
Bg2 Ne6 48. Re1 Nf4 49. Bf1 Rg8 50. Ke3 Ng2+ 51. Bxg2 Rxg2 52. Rh1 Bd7 53. Rh7+
Rg7 54. Rh6 Rg6 55. Rh8 Be8 56. f4 Bd7 57. f5 Rg3+ 58. Kf4 Rg8 59. Rh6 Rg2 60.
Rxf6+ Ke7 61. Rh6 Bc6 62. Rh7+ Kd8 63. Bf6+ Kc8 64. Rh8+ Kb7 65. Rh7 Kc8 66. e5
Rf2+ 67. Kg4 Rg2+ 68. Kh5 Bf3+ 69. Kh6 dxe5 70. Bxe5 c6 71. f6 Be4 72. f7 Bxh7
73. f8=Q+ Kd7 74. Qf7+ 1-0

[Event "29. Torneo San Viator 2017"]
[Site "Madrid ESP"]
[Date "2017.10.08"]
[Round "4.16"]
[White "Soderstrom, Henrik"]
[Black "Recuenco Andres, Javier"]
[Result "1/2-1/2"]
[WhiteElo "1684"]
[BlackElo "1904"]
[PlyCount "94"]
[EventDate "2017.09.17"]
[EventType "swiss"]
[EventRounds "9"]
[EventCountry "ESP"]
[SourceTitle "Ajedrez en Madrid"]
[Source "lmi"]
[SourceDate "2017.09.17"]

1. d4 d6 2. Nf3 Nf6 3. Nc3 Bf5 4. Bf4 Nc6 5. Qd2 h6 6. d5 Nb8 7. e3 g5 8. Bg3
Bg7 9. Bd3 Bxd3 10. Qxd3 Qd7 11. Nd4 e5 12. dxe6 fxe6 13. Qg6+ Qf7 14. Qd3 O-O
15. O-O Na6 16. f4 Nc5 17. Qc4 gxf4 18. exf4 Rae8 19. Rae1 a6 20. a4 b6 21. b4
d5 22. Qe2 Nfe4 23. Nxe4 Bxd4+ 24. Bf2 Bxf2+ 25. Nxf2 Nxa4 26. Qxa6 Nb2 27. Ng4
Kh7 28. Ne5 Qh5 29. Qa3 Nc4 30. Qd3+ Qf5 31. Nxc4 Qxd3 32. cxd3 dxc4 33. dxc4
Rf7 34. Re5 Rf5 35. Re4 Kg6 36. g4 Rf7 37. Rfe1 Kf6 38. Kg2 Rd7 39. Kg3 Rd3+
40. R1e3 Rxe3+ 41. Rxe3 Rd8 42. Re4 Rd3+ 43. Kh4 c6 44. h3 Rb3 45. c5 bxc5 46.
bxc5 Rc3 47. Re5 Rf3 1/2-1/2

[Event "29. Torneo San Viator 2017"]
[Site "Madrid ESP"]
[Date "2017.10.08"]
[Round "4.17"]
[White "Sanz Toledano, Alfonso"]
[Black "Sotoca Aguado, Jose"]
[Result "1/2-1/2"]
[WhiteElo "1818"]
[BlackElo "1885"]
[PlyCount "91"]
[EventDate "2017.09.17"]
[EventType "swiss"]
[EventRounds "9"]
[EventCountry "ESP"]
[SourceTitle "Ajedrez en Madrid"]
[Source "lmi"]
[SourceDate "2017.09.17"]

1. e4 e6 2. d4 d5 3. Nc3 Bb4 4. Bd2 Bxc3 5. Bxc3 Nf6 6. e5 Nfd7 7. Qg4 O-O 8.
f4 f5 9. Qh3 c5 10. Nf3 h6 11. g4 Qe8 12. Rg1 Nc6 13. g5 cxd4 14. gxh6 g6 15.
Nxd4 Nxd4 16. Bxd4 Kh7 17. Be2 Rg8 18. O-O-O Nb6 19. Qh4 Qf8 20. Rg3 Bd7 21.
Ra3 Nc8 22. Qf2 b6 23. Ba6 Bc6 24. Rc3 Ne7 25. Qf1 Qe8 26. Be2 Rc8 27. Kb1 Bd7
28. Rdd3 Nc6 29. Bf2 b5 30. Rc5 b4 31. Rh3 a5 32. Bb5 Ra8 33. Qe1 Ne7 34. Qe2
a4 35. Bh4 Nc6 36. Bf2 g5 37. fxg5 Rxg5 38. Bxc6 Bxc6 39. Rg3 Rxg3 40. Bxg3 Rc8
41. Qa6 Bd7 42. Rxc8 Bxc8 43. Qa7+ Kxh6 44. Bf4+ Kg6 45. Qg1+ Kh7 46. Qg5
1/2-1/2

[Event "29. Torneo San Viator 2017"]
[Site "Madrid ESP"]
[Date "2017.10.08"]
[Round "4.18"]
[White "Criado Jimenez, Jose"]
[Black "Calvo de Castro, Miguel"]
[Result "0-1"]
[WhiteElo "1617"]
[BlackElo "1836"]
[PlyCount "54"]
[EventDate "2017.09.17"]
[EventType "swiss"]
[EventRounds "9"]
[EventCountry "ESP"]
[SourceTitle "Ajedrez en Madrid"]
[Source "lmi"]
[SourceDate "2017.09.17"]

1. d4 Nf6 2. Nf3 d5 3. c4 e6 4. g3 Be7 5. Bg2 O-O 6. O-O Nbd7 7. Nbd2 b6 8. Re1
Bb7 9. b3 c5 10. Bb2 Rc8 11. Rc1 Bd6 12. cxd5 exd5 13. Bh3 Qe7 14. Bf5 Rfd8 15.
Bb1 Ne4 16. Nf1 Qe6 17. Ne3 Re8 18. Nh4 Nxf2 19. Qd2 Qxe3 20. Qxe3 Nh3+ 21. Kg2
Rxe3 22. Nf5 Re6 23. Nxg7 Kxg7 24. dxc5+ Be5 25. Bxe5+ Nxe5 26. Kxh3 bxc5 27.
Rc3 d4 0-1

[Event "29. Torneo San Viator 2017"]
[Site "Madrid ESP"]
[Date "2017.10.08"]
[Round "4.19"]
[White "Muñoz Cebey, Ricardo"]
[Black "Gonzalez Jimenez, Gerardo"]
[Result "1-0"]
[WhiteElo "1847"]
[BlackElo "1655"]
[PlyCount "73"]
[EventDate "2017.09.17"]
[EventType "swiss"]
[EventRounds "9"]
[EventCountry "ESP"]
[SourceTitle "Ajedrez en Madrid"]
[Source "lmi"]
[SourceDate "2017.09.17"]

1. c4 Nf6 2. Nf3 e6 3. g3 d5 4. Bg2 c5 5. cxd5 exd5 6. d4 Nc6 7. O-O cxd4 8.
Nxd4 Be7 9. Nc3 O-O 10. h3 Qb6 11. e3 Nxd4 12. Qxd4 Qxd4 13. exd4 Be6 14. Bf4
a6 15. Rac1 Rac8 16. Rfe1 b5 17. a3 Rfe8 18. g4 b4 19. Nxd5 Bxd5 20. Rxc8 Rxc8
21. Rxe7 bxa3 22. bxa3 h6 23. Rc7 Re8 24. Be3 Bxg2 25. Kxg2 Nd5 26. Ra7 Nxe3+
27. fxe3 Rxe3 28. Ra8+ Kh7 29. Rxa6 Rd3 30. Ra4 Kg6 31. h4 Kf6 32. Kf2 Ke6 33.
Ke2 Rg3 34. Kf2 Rd3 35. Ke2 Rg3 36. Kd2 Rxg4 37. d5+ 1-0

[Event "29. Torneo San Viator 2017"]
[Site "Madrid ESP"]
[Date "2017.10.08"]
[Round "4.20"]
[White "Fernandez Rios, Jose Francisco"]
[Black "Jimenez Elices, Jose Maria"]
[Result "1/2-1/2"]
[WhiteElo "1770"]
[BlackElo "1766"]
[PlyCount "45"]
[EventDate "2017.09.17"]
[EventType "swiss"]
[EventRounds "9"]
[EventCountry "ESP"]
[SourceTitle "Ajedrez en Madrid"]
[Source "lmi"]
[SourceDate "2017.09.17"]

1. d4 d5 2. c4 e6 3. Nf3 b6 4. cxd5 exd5 5. e3 Nf6 6. Bd3 Bd6 7. Nc3 Bb7 8. O-O
O-O 9. b3 Ne4 10. Nb5 Re8 11. Nxd6 Qxd6 12. Bb2 Nd7 13. Rc1 Rac8 14. Qe2 c5 15.
Rfd1 Nef6 16. Ne5 cxd4 17. exd4 Qe6 18. Qf3 g6 19. Nxd7 Nxd7 20. Ba3 Qf6 21.
Qxf6 Nxf6 22. Rxc8 Rxc8 23. Rc1 1/2-1/2

[Event "29. Torneo San Viator 2017"]
[Site "Madrid ESP"]
[Date "2017.10.08"]
[Round "4.21"]
[White "Tudela Garcia, Antonio"]
[Black "Lopez Benitez, David"]
[Result "1/2-1/2"]
[WhiteElo "1593"]
[BlackElo "1717"]
[PlyCount "150"]
[EventDate "2017.09.17"]
[EventType "swiss"]
[EventRounds "9"]
[EventCountry "ESP"]
[SourceTitle "Ajedrez en Madrid"]
[Source "lmi"]
[SourceDate "2017.09.17"]

1. e4 e5 2. Qh5 Nc6 3. Bc4 Qe7 4. Nc3 Nf6 5. Qd1 d6 6. Nd5 Nxd5 7. Bxd5 Nd4 8.
d3 c6 9. Bb3 Nxb3 10. axb3 Qf6 11. Qf3 Be7 12. Qxf6 Bxf6 13. Ne2 Be6 14. Be3 a6
15. b4 Be7 16. O-O f5 17. exf5 Bxf5 18. Ng3 Bg6 19. f4 exf4 20. Bxf4 Kd7 21.
Rad1 Rhf8 22. Ne4 h6 23. Bd2 Rxf1+ 24. Kxf1 Rf8+ 25. Kg1 Rf7 26. Bc3 Kc7 27.
Nd2 Kd7 28. Nc4 Bf5 29. Rf1 g6 30. Ne3 Be6 31. Rxf7 Bxf7 32. Ng4 h5 33. Nf6+
Ke6 34. Ne4 b6 35. Bd2 Kf5 36. Ng3+ Ke5 37. Bc3+ Ke6 38. Ne4 d5 39. Nd2 g5 40.
Nf3 g4 41. Nd4+ Kd7 42. Nf5 Bg5 43. Kf2 c5 44. bxc5 bxc5 45. d4 Bg6 46. Ne3 Kc6
47. dxc5 Kxc5 48. b4+ Kc6 49. Bd4 Be4 50. c3 Bd8 51. g3 a5 52. bxa5 Bxa5 53.
Ke1 Kb5 54. Kd2 Bd8 55. Nd1 Bf3 56. Be5 Bg5+ 57. Ne3 Be4 58. Ke2 Be7 59. Bd4
Ba3 60. Be5 Bf3+ 61. Ke1 Ka4 62. Nf5 Be4 63. Kd1 Bb2 64. Ne3 Kb3 65. Kd2 Ba1
66. Nd1 Bf3 67. Ne3 Bb2 68. Nf5 Be4 69. Ne3 Ba3 70. Nd1 Be7 71. Ne3 Bg5 72. Ke2
Be7 73. Kd2 Ba3 74. Nd1 Bf3 75. Ne3 Bb2 1/2-1/2

[Event "29. Torneo San Viator 2017"]
[Site "Madrid ESP"]
[Date "2017.10.22"]
[Round "5.1"]
[White "Bustos Bernardo, Samuel"]
[Black "Quispe Arteaga, Gabriel"]
[Result "0-1"]
[WhiteElo "2096"]
[BlackElo "2197"]
[PlyCount "66"]
[EventDate "2017.09.17"]
[EventType "swiss"]
[EventRounds "9"]
[EventCountry "ESP"]
[SourceTitle "Ajedrez en Madrid"]
[Source "lmi"]
[SourceDate "2017.09.17"]

1. d4 Nf6 2. c4 e6 3. Nc3 Bb4 4. Qc2 O-O 5. a3 Bxc3+ 6. Qxc3 b6 7. Nf3 Bb7 8.
e3 Ne4 9. Qc2 d6 10. Be2 Nd7 11. O-O a5 12. b3 f5 13. Bb2 Qe7 14. Rfd1 g5 15.
Nd2 Ndf6 16. f3 Nxd2 17. Rxd2 g4 18. c5 gxf3 19. gxf3 Nd5 20. Kh1 Nxe3 21. Qc3
Nd5 22. Qc2 Kf7 23. c6 Ba6 24. Bc4 Ne3 25. Qc3 Bxc4 26. bxc4 f4 27. Rg1 Rg8 28.
Qc1 Rxg1+ 29. Qxg1 Rg8 30. Qe1 Qg5 31. Bc1 Nf5 32. Qf2 Qh5 33. c5 Ng3+ 0-1

[Event "29. Torneo San Viator 2017"]
[Site "Madrid ESP"]
[Date "2017.10.22"]
[Round "5.2"]
[White "Perdomo Araujo, Angel Eduardo"]
[Black "Rodriguez Bittar, Karim Javier"]
[Result "0-1"]
[WhiteElo "2052"]
[BlackElo "1934"]
[PlyCount "86"]
[EventDate "2017.09.17"]
[EventType "swiss"]
[EventRounds "9"]
[EventCountry "ESP"]
[SourceTitle "Ajedrez en Madrid"]
[Source "lmi"]
[SourceDate "2017.09.17"]

1. e4 g6 2. d4 Bg7 3. Nc3 d5 4. exd5 Nf6 5. Bb5+ Nbd7 6. Nf3 O-O 7. d6 exd6 8.
O-O c6 9. Bd3 d5 10. Bg5 Qb6 11. Rb1 Re8 12. Re1 Qd8 13. Qd2 Rxe1+ 14. Rxe1 Nf8
15. Ne2 Ne6 16. Bh4 Qf8 17. c4 dxc4 18. Bxc4 Bd7 19. Ne5 Qd6 20. Nf4 Nd5 21.
Nxd5 cxd5 22. Bb3 a5 23. Bg3 a4 24. Bd1 Qe7 25. Bf3 Bc6 26. Rc1 Ra6 27. h4 h5
28. Re1 Bf6 29. Qh6 Ng7 30. Nd3 Qd8 31. Ne5 Nf5 32. Qf4 Bxh4 33. Bxh5 Qg5 34.
Qxg5 Bxg5 35. Be2 Rb6 36. Bd3 Nxd4 37. f4 Be7 38. Nxg6 Bc5 39. Ne7+ Kf8 40. Bf2
Ne6 41. Bxc5 Nxc5 42. Bb1 Rxb2 43. Nf5 Ne4 0-1

[Event "29. Torneo San Viator 2017"]
[Site "Madrid ESP"]
[Date "2017.10.22"]
[Round "5.3"]
[White "Robles Diaz, Jose Alberto"]
[Black "Lobato Rivero, Carlos"]
[Result "1-0"]
[WhiteElo "2096"]
[BlackElo "1971"]
[PlyCount "153"]
[EventDate "2017.09.17"]
[EventType "swiss"]
[EventRounds "9"]
[EventCountry "ESP"]
[SourceTitle "Ajedrez en Madrid"]
[Source "lmi"]
[SourceDate "2017.09.17"]

1. Nf3 d5 2. c4 c6 3. g3 Nf6 4. Bg2 g6 5. O-O Bg7 6. d4 O-O 7. cxd5 cxd5 8. Nc3
Ne4 9. Ne5 Nxc3 10. bxc3 Nc6 11. Nxc6 bxc6 12. e4 Ba6 13. Re1 e6 14. Bf4 Qa5
15. Bd6 Rfd8 16. Bb4 Qc7 17. Qa4 Bb5 18. Qa3 Bf8 19. Bxf8 Rxf8 20. Qc5 Qb6 21.
Qa3 Qa6 22. Qe7 Rab8 23. h4 Qb7 24. Qf6 Rfe8 25. Rab1 Qd7 26. h5 Qd8 27. Qf4
Bd3 28. hxg6 hxg6 29. Rxb8 Qxb8 30. exd5 Qxf4 31. gxf4 cxd5 32. Bxd5 Kg7 33.
Bb3 Rc8 34. Rc1 Bc4 35. Kg2 Kf6 36. Kf3 Kf5 37. Ke3 a5 38. Bc2+ Kf6 39. a3 Bd5
40. Bd3 Bc4 41. Rb1 Ba2 42. Rb2 Bd5 43. Kd2 Bc4 44. Rb7 Bd5 45. Ra7 Ra8 46.
Rxa8 Bxa8 47. Ke3 Bc6 48. c4 Ke7 49. Kd2 Ba4 50. Be4 Kd7 51. Ke3 Ke7 52. d5
exd5 53. Bxd5 f6 54. Kd4 Kd6 55. Bf7 Bc2 56. c5+ Kc6 57. Be8+ Kc7 58. Bb5 Bb3
59. Bc4 Ba4 60. Bd5 Bd7 61. Be4 Be8 62. Bd5 Bd7 63. Bf7 g5 64. fxg5 fxg5 65.
Bd5 Bf5 66. Ke5 Bd7 67. Kf6 g4 68. Ke5 Bb5 69. Kd4 Be2 70. Bc4 Bf3 71. Bd3 Bd1
72. Kc4 Ba4 73. Bf5 Bd1 74. Kb5 a4 75. Bg6 Kb7 76. Be8 Kc7 77. Kb4 1-0

[Event "29. Torneo San Viator 2017"]
[Site "Madrid ESP"]
[Date "2017.10.22"]
[Round "5.4"]
[White "Arauz Alonso, Fernando"]
[Black "Alonso Aranzabal, Iñigo"]
[Result "1/2-1/2"]
[WhiteElo "2140"]
[BlackElo "1880"]
[PlyCount "76"]
[EventDate "2017.09.17"]
[EventType "swiss"]
[EventRounds "9"]
[EventCountry "ESP"]
[SourceTitle "Ajedrez en Madrid"]
[Source "lmi"]
[SourceDate "2017.09.17"]

1. c4 Nf6 2. Nc3 g6 3. e4 d6 4. d4 Bg7 5. Nf3 O-O 6. Be2 e5 7. dxe5 dxe5 8.
Qxd8 Rxd8 9. Bg5 c6 10. Nxe5 Re8 11. O-O-O Nxe4 12. Nxe4 Bxe5 13. Rhe1 Na6 14.
Nd6 Bxd6 15. Rxd6 Bf5 16. Kd2 Nc5 17. f3 Re6 18. Rxe6 Bxe6 19. Be7 Nd7 20. b3
Re8 21. Bh4 f6 22. Bf2 c5 23. f4 Kf7 24. Bf3 b6 25. Kc3 Rd8 26. Rd1 Ke7 27. Bh4
h6 28. Bc6 g5 29. Bg3 f5 30. fxg5 hxg5 31. Bd6+ Kf6 32. Bc7 Rc8 33. Bxd7 Rxc7
34. Bxe6 Kxe6 35. Re1+ Kf6 36. Re8 Rh7 37. h3 Rd7 38. a3 Rd1 1/2-1/2

[Event "29. Torneo San Viator 2017"]
[Site "Madrid ESP"]
[Date "2017.10.22"]
[Round "5.5"]
[White "Rodriguez Romero, Martin"]
[Black "Monreal Bejarano, Luis Miguel"]
[Result "1/2-1/2"]
[WhiteElo "1907"]
[BlackElo "1883"]
[PlyCount "131"]
[EventDate "2017.09.17"]
[EventType "swiss"]
[EventRounds "9"]
[EventCountry "ESP"]
[SourceTitle "Ajedrez en Madrid"]
[Source "lmi"]
[SourceDate "2017.09.17"]

1. e4 c5 2. Nf3 e6 3. d4 cxd4 4. Nxd4 a6 5. Nc3 b5 6. g3 Bb7 7. Bg2 Nf6 8. a3
Qc7 9. O-O Nc6 10. Nxc6 Bxc6 11. Re1 d6 12. Nd5 Bxd5 13. exd5 e5 14. Bg5 Be7
15. Bxf6 Bxf6 16. c3 O-O 17. h4 Be7 18. h5 f5 19. f4 Qa7+ 20. Kh2 exf4 21. gxf4
Bh4 22. Re2 Rae8 23. Qd3 Re7 24. Rf1 Qd7 25. Re6 Kh8 26. Qh3 Rxe6 27. dxe6 Qe7
28. Bd5 g5 29. hxg6 hxg6 30. Rg1 Kg7 31. Kg2 Rh8 32. Kf1 Qa7 33. Qf3 Bf6 34.
Qg3 Rh6 35. Rg2 Qc5 36. Qd3 Rh1+ 37. Ke2 Rg1 38. Rxg1 Qxg1 39. Qe3 Qxe3+ 40.
Kxe3 Kf8 41. b3 Bxc3 42. Kd3 Bb2 43. Bb7 Ke7 44. Bxa6 Bxa3 45. Bxb5 Kxe6 46.
Bc4+ d5 47. Bb5 Bc1 48. Be8 Kf6 49. Bc6 Bxf4 50. Bxd5 g5 51. Ke2 Bd6 52. Kf3
g4+ 53. Kf2 f4 54. Bc6 Bc5+ 55. Kg2 Bb4 56. Kf2 Kg5 57. Kg2 Kh4 58. Bd5 Be1 59.
Bc6 Kg5 60. Bb7 Bh4 61. b4 Kf6 62. b5 Ke5 63. b6 Kd6 64. Be4 Bd8 65. Bf5 f3+
66. Kg3 1/2-1/2

[Event "29. Torneo San Viator 2017"]
[Site "Madrid ESP"]
[Date "2017.10.22"]
[Round "5.6"]
[White "Mazo Fernandez, Roberto"]
[Black "Gonzalez-Ruano Perez, Cesar"]
[Result "0-1"]
[WhiteElo "1967"]
[BlackElo "1848"]
[PlyCount "100"]
[EventDate "2017.09.17"]
[EventType "swiss"]
[EventRounds "9"]
[EventCountry "ESP"]
[SourceTitle "Ajedrez en Madrid"]
[Source "lmi"]
[SourceDate "2017.09.17"]

1. d4 c5 2. d5 Nf6 3. c4 b5 4. cxb5 a6 5. bxa6 g6 6. Nc3 Bg7 7. e4 O-O 8. Nf3
Qa5 9. Bd2 Bxa6 10. a4 Bxf1 11. Kxf1 Qb4 12. Qc2 Qc4+ 13. Kg1 Na6 14. b3 Nb4
15. Qd1 Qd3 16. Ne1 Qa6 17. Rb1 e6 18. g3 exd5 19. e5 Ne4 20. Nxe4 dxe4 21.
Bxb4 cxb4 22. Nc2 Qb7 23. Qd6 Ra6 24. Qxb4 Rb6 25. Qd4 d6 26. Qe3 Bxe5 27. Na3
d5 28. Nb5 Rd8 29. h4 d4 30. Qg5 Bf6 31. Qf4 e3 32. fxe3 dxe3 33. Rh2 Re6 34.
Re2 Be5 35. Qg4 h5 36. Qh3 Qf3 37. Qg2 Qg4 38. Rc1 Bxg3 39. Nc7 Bf2+ 40. Kf1
Re4 41. Qxg4 Rxg4 42. Rxf2 exf2 43. Kxf2 Rb4 44. Rc3 Rc8 45. a5 Rb7 46. a6
Rbxc7 47. Rxc7 Rxc7 48. b4 Rc2+ 49. Ke3 Rb2 50. Kd4 Rxb4+ 0-1

[Event "29. Torneo San Viator 2017"]
[Site "Madrid ESP"]
[Date "2017.10.22"]
[Round "5.7"]
[White "Rodriguez Valero, Martin"]
[Black "Garcia Sanjuan, Jose"]
[Result "1-0"]
[WhiteElo "1835"]
[BlackElo "1899"]
[PlyCount "53"]
[EventDate "2017.09.17"]
[EventType "swiss"]
[EventRounds "9"]
[EventCountry "ESP"]
[SourceTitle "Ajedrez en Madrid"]
[Source "lmi"]
[SourceDate "2017.09.17"]

1. d4 b6 2. c4 Bb7 3. Nc3 e6 4. a3 Nf6 5. d5 exd5 6. cxd5 Qe7 7. Bg5 h6 8. Bh4
g5 9. Bg3 d6 10. e3 a6 11. Bc4 Bg7 12. Nf3 Ne4 13. Qd3 Nxc3 14. bxc3 Nd7 15.
O-O Nc5 16. Qc2 O-O 17. Nd4 Bc8 18. Rae1 f5 19. f3 h5 20. Ba2 h4 21. Bf2 g4 22.
fxg4 fxg4 23. Bb1 Rf6 24. Qh7+ Kf8 25. Bxh4 Nd7 26. Ne6+ Ke8 27. Bg6+ 1-0

[Event "29. Torneo San Viator 2017"]
[Site "Madrid ESP"]
[Date "2017.10.22"]
[Round "5.8"]
[White "Ochoa Gonzalez, Hugo"]
[Black "Garcia Martin, Esteban"]
[Result "0-1"]
[WhiteElo "1557"]
[BlackElo "1854"]
[PlyCount "70"]
[EventDate "2017.09.17"]
[EventType "swiss"]
[EventRounds "9"]
[EventCountry "ESP"]
[SourceTitle "Ajedrez en Madrid"]
[Source "lmi"]
[SourceDate "2017.09.17"]

1. e4 c5 2. Nf3 d6 3. d4 cxd4 4. Nxd4 Nf6 5. Nc3 g6 6. Be3 Bg7 7. f3 a6 8. Qd2
Nbd7 9. g4 Ne5 10. O-O-O b5 11. h4 h5 12. g5 Nfd7 13. Nd5 e6 14. f4 exd5 15.
fxe5 Nxe5 16. exd5 Bg4 17. Re1 O-O 18. Be2 Bxe2 19. Qxe2 Rc8 20. Bf4 Re8 21.
Qf2 Nd3+ 22. Kb1 Nxf2 23. Rxe8+ Qxe8 24. Rf1 Bxd4 25. c3 Qe4+ 26. Ka1 Qxf4 27.
a4 Bxc3 28. axb5 Bxb2+ 29. Kxb2 Qb4+ 30. Ka1 Qa4+ 31. Kb1 Qxb5+ 32. Ka2 Rc2+
33. Ka3 Qb2+ 34. Ka4 Rc4+ 35. Ka5 Qb5# 0-1